000 00443nam a22001577a 4500
005 20231031091258.0
008 231031b |||||||| |||| 00| 0 eng d
041 _aEnglish
082 _a347.1 MAG
100 _lEnglish
245 _aMagistrates Court and Rules of the Magistrates Court
260 _aWindhoek :
_c2003
300 _b93 pages ;
_c33 cm.
650 _alegal practice
_bLaw
942 _cBK
_6ALISON_BN_VRIES
999 _c173
_d173